Entry Nombre personal
001 - NÚMERO DE CONTROL
- campo de control: 18191
003 - IDENTIFICADOR DE NÚMERO DE CONTROL
- campo de control: SpMaBN
005 - FECHA Y HORA DE LA ÚLTIMA TRANSACCIÓN
- campo de control: 20230619134858.0
008 - ELEMENTOS DE DATO DE LONGITUD-FIJA
- campo de control de longitud fija: 901120nn aijnnaabn n aaa
016 ## - NÚMERO DE CONTROL DE UNA AGENCIA BIBLIOGRÁFICA NACIONAL
- Número de control del registro: BNE19900229980
024 7# - IDENTIFICADOR DE OTROS ESTÁNDARES
- Número estándar o código: http://viaf.org/viaf/58558440/
- Fuente: viaf
024 7# - IDENTIFICADOR DE OTROS ESTÁNDARES
- Número estándar o código: https://isni.org/isni/0000000059318903
- Fuente: isni
024 7# - IDENTIFICADOR DE OTROS ESTÁNDARES
- Número estándar o código: http://www.wikidata.org/entity/Q3398643
- Fuente: wikidata
040 ## - FUENTE DE CATALOGACIÓN
- Centro catalogador/agencia de origen: SpMaBN
- Lengua de catalogación: spa
- Centro/agencia transcriptor: SpMaBN
- Normas de descripción: rdc
- Convención/Normas de encabezamiento de materia/tesauro: embne
- Centro/agencia modificador: ES-MaACL
046 ## - FECHAS CON CODIFICACIÓN ESPECIAL
- Fecha de nacimiento: 1931
- Fecha de la muerte: 2009
100 1# - ENCABEZAMIENTO-NOMBRE DE PERSONA
- Nombre de persona: Abuín de Tembra, Avelino,
- Fechas asociadas al nombre: 1931-2009
370 ## - LUGAR ASOCIADO
- Lugar de nacimiento: Dodro, La Coruña, España
- Fuente de información: (Wikidata)
- Número de control del registro de autoridad o número normalizado: XX4596224
372 ## - CAMPO DE ACTIVIDAD
- Campo de actividad: Poesía
- Fuente de información: Wikidata
374 ## - OCUPACIÓN
- Ocupación: Escritores
- Fuente de información: Wikidata
375 ## - GÉNERO/SEXO
- Género: Masculino
- Fuente de información: Wikidata
377 ## - IDIOMA ASOCIADO
- Término de lengua/lenguaje: Español
670 ## - FUENTE DE DATOS ENCONTRADOS
- Cita de la fuente: Rosalía, 1987;
- Información encontrada: port. (Avelino Abuín de Tembra)
670 ## - FUENTE DE DATOS ENCONTRADOS
- Cita de la fuente: WWW Necropoli, 30-10-2009;
- Información encontrada: (Abuín de Tembra, Avelino; n. 1931, Oudro (A Coruña) - m. 2009, Santiago de Compostela. Profesor, licenciado en Filosofia y Letras, estudioso de Rosalía de Castro)
670 ## - FUENTE DE DATOS ENCONTRADOS
- Cita de la fuente: WWW Bn España aut., 19-6-2023;
- Información encontrada: (Abuín de Tembra, Avelino, 1931-2009)
955 ## - CATALOGADOR - EDICIÓN
- Nombre del catalogador: Julia Mas Vieira
